Nociones de sociología y economía política /

Na minha lista:
Detalhes bibliográficos
Autor principal: Anitua, Santiago de (autor)
Formato: Livro
Idioma:espanhol
Publicado em: Granada, Nicaragua : Colegio Centro América del Sagrado Corazón de Jesús, 1956
Tags: Adicionar Tag
Sem tags, seja o primeiro a adicionar uma tag!

MARC

LEADER 00000nam^a2200000^a^4500
001 000579263
005 20250526000000.0
009 20260310132526.225
037 |a Acervo Xavier Clavigero 
041 |a ESP 
091 |a FIP. 01461 
100 |a Anitua, Santiago de  |e (autor) 
245 1 0 |a Nociones de sociología y economía política / 
264 1 |a Granada, Nicaragua :  |b Colegio Centro América del Sagrado Corazón de Jesús,  |c 1956 
300 |a 82 p. ;  |c 27.5 cm. 
336 |a texto  |b txt  |2 rdacontenido 
337 |a sin mediación  |b n  |2 rdamedio 
338 |a volumen  |b nc  |2 rdasoporte 
649 |a XX 
910 |a Fondo Manuel Ignacio Pérez Alonso S.J. 
920 |a Impresos - Libros 
930 |a Libros Antiguos y Raros 
905 |a 108 
901 |a 0500409175  |b IT2  |c LRA  |i D  |u 20250526 
902 |a https://opac.biblio.iteso.mx/vufind/Record/000579263